00547cam a22001693a 450000100060000000300060000600500170001200800410002904000150007004200070008524501350009226000290022750600300025651600200028683000290030685600420033543524PGUSA20140828084005.0130821s2013||||xxu|||||s|||||000 | eng d aPGUSAbeng adc14aThe Catholic World, Vol. X, October 1869 :bA Monthly Magazine of General Literature and Scienceh[electronic resource] /cVarious bProject Gutenberg,c2013 aPublic domain in the USA. aElectronic text 0aProject Gutenbergv4352440uhttp://www.gutenberg.org/ebooks/43524